000
00316nam a2200097Ia 4500
008
171211s9999 xx 000 0 und d
245
_a
Art and Visual Perception: A Psychology of the Creative Eye, 50th Anniversary edition
260
_c
2004
650
_x
Design
856
_u
http://down.ebook777.com/061/0520243838.pdf
999
_c
347939
_d
347939